00461nam a22001457a 450000500170000000800410001702000180005804000290007605000220010524500420012726000310016930000230020065000540022365000380027720260619103702.0260618b |||||||| |||| 00| 0 eng d a0-385-48119-5 cChuka University Library aLB 1571 bW4 1997 aWhat your first grader needs to know  aNew YorkbDouble dayc1997 a342p.bIllustrated aFirst Grade (education) ...united state curriculm aCurriculum planning united states